Recensement Industriel 1983-1984

Gespeichert in:
Bibliographische Detailangaben
Format: Buch
Sprache:Französisch
Veröffentlicht: Tananarive Institut de la Statistique et del la Recherche économique 1984
Ausgabe:1. éd.
Tags: Tag hinzufügen
Keine Tags, Fügen Sie das erste Tag hinzu!

MARC

LEADER 00000nam a2200000 4500
001 c029443
005 20221220085551.0
041 0 |a fre 
044 |a MG 
245 1 0 |a Recensement Industriel 1983-1984 
250 |a 1. éd. 
264 1 |a Tananarive  |b Institut de la Statistique et del la Recherche économique  |c 1984 
300 |a 303 s.